Ekonomika traťového hospodářství

Uložené v:
Podrobná bibliografia
Hlavný autor: Igielski, Vladimír
Médium: Kniha
Jazyk:Czech
Vydavateľské údaje: Praha Nakl. dopr. a spojů 1988
Vydanie:1. vyd.
Tagy: Pridať tag
Žiadne tagy, Buďte prvý, kto otaguje tento záznam!

MARC

LEADER 00000nam a2200000 4500
001 c029682
005 20250219094053.2
041 0 |a cze 
044 |a CZ 
245 1 0 |a Ekonomika traťového hospodářství  |c Vladimír Igielski a kol. 
250 |a 1. vyd. 
264 1 |a Praha  |b Nakl. dopr. a spojů  |c 1988 
300 |a 128 s. 
100 1 |a Igielski, Vladimír